La naissance des avant-gardes occidentales : 1909-1922 (notice n° 2141779)

détails MARC
000 -LEADER
fixed length control field 01609cam a2200133 4500500
005 - DATE AND TIME OF LATEST TRANSACTION
control field 20260405024840.0
041 ## - LANGUAGE CODE
Language code of text/sound track or separate title fre
042 ## - AUTHENTICATION CODE
Authentication code dc
100 10 - MAIN ENTRY--PERSONAL NAME
Personal name Tomiche, Anne
Relator term author
245 00 - TITLE STATEMENT
Title La naissance des avant-gardes occidentales : 1909-1922
260 ## - PUBLICATION, DISTRIBUTION, ETC.
Name of publisher, distributor, etc. Armand Colin,<br/>
Date of publication, distribution, etc. 2015.<br/>
520 ## - SUMMARY, ETC.
Summary, etc. Avant et pendant la Première Guerre mondiale, en Occident, ont fleuri des mouvements qui, parce qu’ils ont conjointement revendiqué un renouvellement radical des pratiques artistiques et une remise en question sociale plus large, ont a posteriori été appelés « avant-gardes ». Ce sont ces mouvements qui, du futurisme italien à dada en passant par le futurisme russe, l’imagisme et le vorticisme, sont au centre de cet ouvrage. Aucun, au moment de sa fondation, ne s’est pensé d’« avant-garde ». Tous ont en commun de s’être définis sur le mode de l’action collective, d’avoir été fondés en tant que groupes et de s’être pensés les uns par rapport aux autres. L’analyse fait émerger, dans le contexte de la modernité et du modernisme occidentaux du premier XXe siècle, la spécificité de ces mouvements autoproclamés, qui les distingue à la fois d’auteurs individuels d’« avant-garde » qui ne se sont jamais reconnus dans aucun mouvement et aussi d’autres groupes contemporains qui ne se sont pas autoproclamés tels – le vorticisme vs Bloomsbury, le cubisme ou l’expressionnisme vs le futurisme ou le dadaïsme.
856 41 - ELECTRONIC LOCATION AND ACCESS
Uniform Resource Identifier <a href="https://shs.cairn.info/la-naissance-des-avant-gardes-occidentales--9782200276065?lang=fr&redirect-ssocas=7080">https://shs.cairn.info/la-naissance-des-avant-gardes-occidentales--9782200276065?lang=fr&redirect-ssocas=7080</a>

Pas d'exemplaire disponible.

PLUDOC

PLUDOC est la plateforme unique et centralisée de gestion des bibliothèques physiques et numériques de Guinée administré par le CEDUST. Elle est la plus grande base de données de ressources documentaires pour les Étudiants, Enseignants chercheurs et Chercheurs de Guinée.

Adresse

627 919 101/664 919 101

25 boulevard du commerce
Kaloum, Conakry, Guinée

Réseaux sociaux

Powered by Netsen Group @ 2025